00514nam a2200157Ia 4500003000400000008004100004040000800045100001700053245009400070260003000164300001400194901002100208942001200229952009800241999001700339LDD181029s9999 xx 000 0 und d cLDD aDods, Marcus 0aMohammed, Buddha, and Christbfour lectures on natural and revealed religioncMarcus Dods aNew DelhibArchivesc1987 avii, 240p a1306b12-03-1998 2ddccBK 00102ddc4070924087aLDDbLDDd2018-11-01l0o291 D66Mp007399r2018-11-01w2018-11-01yBK c24088d24088